[Event "Reinstorf Blitz op"]
[Site "Reinstorf"]
[Date "2022.02.04"]
[Round "4"]
[White "Rick, Niklas Corvin"]
[Black "Sistig, Max"]
[Result "1-0"]
[WhiteElo "1490"]
[BlackElo "1868"]
[PlyCount "71"]
[EventDate "2022.01.29"]
[EventType "swiss (blitz)"]
[EventRounds "9"]
[EventCountry "GER"]
[SourceTitle "CBM 206 Extra"]
[Source "ChessBase"]
[SourceDate "2022.03.31"]
[SourceVersion "1"]
[SourceVersionDate "2022.03.31"]
[SourceQuality "1"]

1. d4 Nf6 2. c4 g6 3. Nc3 Bg7 4. Bf4 d6 5. h3 Nbd7 6. e3 0-0 7. Nf3 c5 8. Be2 cxd4 9. exd4 Re8 10. 0-0 Qa5 11. a3 e5 12. b4 Qc7 13. Nb5 Qc6 14. d5 Qb6 15. Be3 Qd8 16. Nxd6 Rf8 17. Rc1 b6 18. c5 bxc5 19. bxc5 e4 20. Ng5 Qa5 21. a4 Ba6 22. Bxa6 Qxa6 23. Ngxe4 Nxe4 24. Nxe4 Rac8 25. c6 Ne5 26. f4 Nc4 27. Bd4 Rfe8 28. Nc5 Qa5 29. Bxg7 Qxc5+ 30. Bd4 Qb4 31. Qc2 Na3 32. Qc5 Qxc5 33. Bxc5 Re4 34. Bxa3 Rxa4 35. Bd6 Rd4 36. Rfd1 1-0

[Event "Reinstorf op"]
[Site "Reinstorf"]
[Date "2022.02.01"]
[Round "4"]
[White "Monninger, Moritz Franz"]
[Black "Sistig, Max"]
[Result "1-0"]
[WhiteElo "2064"]
[BlackElo "1844"]
[PlyCount "73"]
[EventDate "2022.01.29"]
[EventType "swiss"]
[EventRounds "9"]
[EventCountry "GER"]
[SourceTitle "CBM 206 Extra"]
[Source "ChessBase"]
[SourceDate "2022.03.31"]
[SourceVersion "1"]
[SourceVersionDate "2022.03.31"]
[SourceQuality "1"]

1. d4 Nf6 2. Bg5 d5 3. e3 c5 4. Bxf6 gxf6 5. Nc3 e6 6. Qh5 Nc6 7. Nf3 cxd4 8. exd4 Bd7 9. Bb5 a6 10. Bxc6 Bxc6 11. 0-0 Qc7 12. a3 0-0-0 13. Na2 Kb8 14. b3 Bd6 15. Nb4 Be8 16. c4 dxc4 17. bxc4 Bxb4 18. axb4 Qxc4 19. Qh4 Bc6 20. Rfc1 Qd3 21. Rxc6 bxc6 22. Qxf6 Rhg8 23. Qf4+ Ka8 24. g3 Rd7 25. Rc1 Kb7 26. Ne5 Qxd4 27. Qf3 Qd5 28. Qc3 Rc7 29. Nd3 Kc8 30. Nc5 Ra7 31. Qa1 Kc7 32. b5 Rga8 33. Nxa6+ Kd7 34. Rd1 Rxa6 35. Rxd5+ cxd5 36. bxa6 Kc7 37. Qa5+ 1-0

[Event "Reinstorf op"]
[Site "Reinstorf"]
[Date "2022.01.29"]
[Round "1"]
[White "Lubbe, Nikolas"]
[Black "Sistig, Max"]
[Result "1-0"]
[WhiteElo "2433"]
[BlackElo "1844"]
[PlyCount "69"]
[EventDate "2022.01.29"]
[EventType "swiss"]
[EventRounds "9"]
[EventCountry "GER"]
[SourceTitle "CBM 206 Extra"]
[Source "ChessBase"]
[SourceDate "2022.03.31"]
[SourceVersion "1"]
[SourceVersionDate "2022.03.31"]
[SourceQuality "1"]

1. Nf3 c5 2. b3 Nc6 3. Bb2 Nf6 4. e3 d5 5. Bb5 Bd7 6. 0-0 e6 7. d4 Bd6 8. Nbd2 0-0 9. Bd3 Qc7 10. c4 e5 11. cxd5 Nxd5 12. dxc5 Be7 13. Rc1 Rad8 14. a3 Bg4 15. h3 Bh5 16. Qc2 Nf6 17. b4 a6 18. Rfd1 Kh8 19. g4 Bg6 20. Bxg6 hxg6 21. Nc4 Nd7 22. Rd5 Bf6 23. Rcd1 e4 24. Bxf6 Nxf6 25. Rxd8 Rxd8 26. Rxd8+ Qxd8 27. Ng5 Qd7 28. Nxe4 Nd5 29. Ned6 Kg8 30. Qe4 Nf6 31. Qd3 Qe7 32. Kf1 Nd7 33. Nxb7 Nf8 34. Nbd6 Ne5 35. Qe4 1-0